| 000 | 00440nam a2200181Ia 4500 | ||
|---|---|---|---|
| 005 | 20240823055149.0 | ||
| 008 | 240823s9999||||xx |||||||||||||| ||und|| | ||
| 041 | _aENGLISH | ||
| 082 | _A327.091724 Q6 | ||
| 100 | _aPaul T V | ||
| 245 | 0 | _aAccommodating Rising Powers | |
| 250 | _a1st | ||
| 260 |
_c2016 _bCambridge Universities |
||
| 500 | _aYES | ||
| 650 |
_aAccommodating Rising Powers _bGeneral |
||
| 942 | _cBK | ||
| 999 |
_c228141 _d228141 |
||